00671cam a22002411a 4500001001300000003000400013005001700017008004100034010001700075025001200092035002000104040001800124042001200142050001600154100002400170245007000194260004700264300002100311546001300332504004100345650002600386999001700412sa 67007213 DLC20260227112414.0951003s1964 pk b 000 0 urdo  asa 67007213  aP-U-968 a(OCoLC)33236386 aDLCcWaUdDLC apremarc00aD199.3b.N31 aNadvī, Yaḥyá.10aIslām kā tahz̲ībī niẓām /cSayyid Yaḥyá Nadvī. aKarācī :bPāk Akaiḍīmī,c1964. a343 p. ;c18 cm. aIn Urdu. aIncludes bibliographical references. 0aIslamic civilization. c76438d76438